000 00605nam a22002057a 4500
999 _c6268
_d6268
003 AR-CdUCM
008 190314b ||||| |||| 00| 0 spa d
040 _aMUNICIPALIDAD PROVINCIAL DEL CUSCO
_cBIBLIOTECA MUNICIPAL DEL CUSCO
082 _a869.33 /
_bN44
100 _a Neruda, Pablo
_92359
245 _aQue despierte el leñador /
260 _aLima :
_bEl fusil y la guitarra,
_c1948.
300 _a60 páginas ;
_c11 cm.
500 _aDonación de la familia Nieto
650 _aPoemas
_9929
650 _aLiteratura Chilena
_92985
650 _aSiglo XX
_98
942 _2ddc
_cLIBROS
945 _acmm